Sitcoms By Antonym - Statistics

General Stats
  • This quiz has been taken 15 times
  • The average score is 6 of 15
Answer Stats
Hint Answer % Correct
Russian Mom American Dad
93%
Queen of the Valley King of the Hill
93%
Old Boy New Girl
86%
Roberta’s Hotdogs Bob’s Burgers
71%
The Silversteins The Goldbergs
71%
Lowering Despair Raising Hope
50%
The Unimpressive South The Great North
36%
Enemies Gal Family Guy
29%
Ancient Nemeses Modern Family
21%
Factories and Stress Parks and Recreation
21%
Division Community
14%
Human Chaos Animal Control
7%
Remedial Chemistry AP Bio
7%
Released Regression Arrested Development
7%
MeagerGiveaway Superstore
7%
No matching quizzes found
Score Distribution
Percent of People with Each Score
Percentile by Number Answered
Your Score History
You have not taken this quiz